[Event "Winnipeg TNT February op"]
[Site "Winnipeg CAN"]
[Date "2013.02.05"]
[Round "1"]
[White "Leaden, Bruce"]
[Black "Boron, Anthony"]
[Result "0-1"]
[WhiteElo "1623"]
[BlackElo "1971"]
[PlyCount "88"]
[GameId "2160767909381886"]
[EventDate "2013.02.05"]
[EventType "swiss"]
[EventRounds "4"]
[EventCountry "CAN"]
[SourceTitle "EXT 2022"]
[Source "ChessBase"]
[SourceDate "2021.10.06"]
[SourceVersion "1"]
[SourceVersionDate "2021.10.06"]
[SourceQuality "1"]

1. e4 c6 2. d4 d5 3. e5 c5 4. c3 Nc6 5. Nf3 e6 6. Be2 Nge7 7. Bg5 Qb6 8. Qb3 Nf5 9. Qxb6 axb6 10. Be3 cxd4 11. Bxd4 Bc5 12. Nbd2 Nfxd4 13. cxd4 Nxd4 14. Bd3 Bd7 15. O-O O-O 16. a3 Rfc8 17. b4 Nxf3+ 18. Nxf3 Bf8 19. Nd4 g6 20. Bb5 Bxb5 21. Nxb5 Bg7 22. f4 Bf8 23. Rac1 Rc6 24. Rc3 Rxc3 25. Nxc3 Rxa3 26. Nb5 Rb3 27. Rc1 Rxb4 28. Nd6 h5 29. g3 Ra4 30. Rc7 Ra8 31. Rxb7 Bxd6 32. exd6 Rd8 33. Rxb6 Kg7 34. Kf2 Kf6 35. h3 Rd7 36. Ke3 e5 37. Rc6 Ke6 38. g4 hxg4 39. hxg4 Rxd6 40. f5+ gxf5 41. gxf5+ Ke7 42. Rc7+ Kf6 43. Ra7 Rb6 44. Rd7 Rb3+ 0-1

[Event "Winnipeg TNT February op"]
[Site "Winnipeg CAN"]
[Date "2013.02.05"]
[Round "1"]
[White "Melamedoff, Gustavo"]
[Black "Towns, Barry"]
[Result "1-0"]
[WhiteElo "2066"]
[BlackElo "1735"]
[PlyCount "82"]
[GameId "2160767909381887"]
[EventDate "2013.02.05"]
[EventType "swiss"]
[EventRounds "4"]
[EventCountry "CAN"]
[SourceTitle "EXT 2022"]
[Source "ChessBase"]
[SourceDate "2021.10.06"]
[SourceVersion "1"]
[SourceVersionDate "2021.10.06"]
[SourceQuality "1"]

1. Nf3 Nf6 2. g3 d5 3. Bg2 Bf5 4. O-O Nbd7 5. d3 e5 6. Nbd2 Bg6 7. c4 c6 8. cxd5 cxd5 9. Qa4 Bd6 10. b4 O-O 11. Bb2 Qb6 12. Nb3 d4 13. a3 Rfc8 14. Nfd2 Rc2 15. Nc4 Qc7 16. Nbd2 Rxb2 17. Nxb2 Nb6 18. Qb3 Nfd5 19. Bxd5 Qc3 20. Nb1 Qxb3 21. Bxb3 e4 22. Nd2 e3 23. Ndc4 Nxc4 24. Nxc4 exf2+ 25. Rxf2 Be7 26. Ne5 Bg5 27. Nxg6 hxg6 28. Rxf7 Be3+ 29. Kg2 Kh7 30. Rc7 a5 31. b5 a4 32. Bd5 Rd8 33. Be4 b6 34. Rf1 Kh6 35. Rc6 Re8 36. Rxg6+ Kh7 37. Re6+ g6 38. Bxg6+ Kg7 39. Rf7+ Kh6 40. Rh7+ Kg5 41. Rh5+ Kg4 1-0

[Event "Winnipeg TNT February op"]
[Site "Winnipeg CAN"]
[Date "2013.02.05"]
[Round "1"]
[White "Platt, Alex"]
[Black "Smith, Nick J"]
[Result "1-0"]
[WhiteElo "1895"]
[BlackElo "1439"]
[PlyCount "67"]
[GameId "2160767909381888"]
[EventDate "2013.02.05"]
[EventType "swiss"]
[EventRounds "4"]
[EventCountry "CAN"]
[SourceTitle "EXT 2022"]
[Source "ChessBase"]
[SourceDate "2021.10.06"]
[SourceVersion "1"]
[SourceVersionDate "2021.10.06"]
[SourceQuality "1"]

1. e4 e5 2. Nf3 Nc6 3. d4 f5 4. d5 fxe4 5. dxc6 exf3 6. Qxf3 bxc6 7. Qh5+ g6 8. Qxe5+ Qe7 9. Qxe7+ Nxe7 10. Nd2 Bg7 11. Be2 Rb8 12. c3 d6 13. Bf3 Ba6 14. Nb3 c5 15. Kd2 Rf8 16. Re1 Bb7 17. Bxb7 Rxb7 18. Re2 Rb5 19. Kc2 c4 20. Nd4 Re5 21. Be3 c5 22. Nb5 Kd7 23. Rd2 Nf5 24. Bf4 Re6 25. Rad1 Nd4+ 26. cxd4 Rxf4 27. dxc5 a6 28. Nxd6 Kc6 29. f3 Bf8 30. a3 Kxc5 31. Ne4+ Kc6 32. Rd4 c3 33. Nxc3 Bg7 34. Rxf4 1-0

[Event "Winnipeg TNT February op"]
[Site "Winnipeg CAN"]
[Date "2013.02.05"]
[Round "1"]
[White "Schulz, Waldemar"]
[Black "Le Dorze, Philippe"]
[Result "0-1"]
[WhiteElo "2014"]
[BlackElo "1703"]
[PlyCount "78"]
[GameId "2160767909381889"]
[EventDate "2013.02.05"]
[EventType "swiss"]
[EventRounds "4"]
[EventCountry "CAN"]
[SourceTitle "EXT 2022"]
[Source "ChessBase"]
[SourceDate "2021.10.06"]
[SourceVersion "1"]
[SourceVersionDate "2021.10.06"]
[SourceQuality "1"]

1. d4 e6 2. c4 Nf6 3. g3 c6 4. Bg2 d5 5. Nf3 Nbd7 6. O-O Be7 7. b3 O-O 8. Bb2 Qc7 9. Nc3 Rb8 10. Rc1 Qa5 11. Qc2 a6 12. c5 Ne4 13. Nxe4 dxe4 14. Nd2 f5 15. Nc4 Qd8 16. f3 exf3 17. Bxf3 Nf6 18. Ne5 Nd5 19. Nc4 Bg5 20. Rcd1 Be3+ 21. Kh1 f4 22. Be4 fxg3 23. Bxh7+ Kh8 24. Qg6 g2+ 25. Kxg2 Nf4+ 26. Rxf4 Bxf4 27. Rf1 Rf6 28. Qe4 Qd5 29. Rf3 Bd7 30. Nb6 Qxe4 31. Bxe4 Be8 32. Rh3+ Rh6 33. Nc4 Rxh3 34. Kxh3 Bh5 35. e3 Bc7 36. Kh4 Be2 37. Nb6 Rf8 38. h3 Rf6 39. Bg2 Rg6 0-1

[Event "Winnipeg TNT February op"]
[Site "Winnipeg CAN"]
[Date "2013.02.05"]
[Round "1"]
[White "Skop, Mike"]
[Black "Kernetsky, Myron"]
[Result "0-1"]
[WhiteElo "1721"]
[BlackElo "2058"]
[PlyCount "88"]
[GameId "2160767909381890"]
[EventDate "2013.02.05"]
[EventType "swiss"]
[EventRounds "4"]
[EventCountry "CAN"]
[SourceTitle "EXT 2022"]
[Source "ChessBase"]
[SourceDate "2021.10.06"]
[SourceVersion "1"]
[SourceVersionDate "2021.10.06"]
[SourceQuality "1"]

1. e3 d5 2. c4 Nf6 3. Nc3 c6 4. cxd5 cxd5 5. d4 Nc6 6. Nf3 e6 7. a3 Bd6 8. Be2 O-O 9. O-O Bd7 10. Qd3 Ne7 11. Ne5 Be8 12. Bf3 a6 13. Re1 Ng6 14. Nxg6 hxg6 15. e4 dxe4 16. Nxe4 Nxe4 17. Bxe4 Rb8 18. Bd2 Qb6 19. Rad1 Bc6 20. Bc3 Rbd8 21. Qd2 Bxe4 22. Rxe4 Qc6 23. Rde1 Rd7 24. Qe3 Qd5 25. Qh3 Qf5 26. Rh4 Qxh3 27. Rxh3 Be7 28. Re4 Bf6 29. Kf1 Rfd8 30. Ba5 Rxd4 31. Bxd8 Rxe4 32. Bxf6 gxf6 33. Rb3 b5 34. f3 Rc4 35. g3 Kf8 36. h3 Ke7 37. Ke1 e5 38. Kd2 Ke6 39. Rd3 f5 40. b3 Rc6 41. Rc3 Rxc3 42. Kxc3 Kd5 43. Kb4 e4 44. fxe4+ fxe4 0-1

[Event "Winnipeg TNT February op"]
[Site "Winnipeg CAN"]
[Date "2013.02.05"]
[Round "1"]
[White "Swift, Ryne"]
[Black "Dykman, Tony"]
[Result "1-0"]
[WhiteElo "1879"]
[BlackElo "1262"]
[PlyCount "83"]
[GameId "2160767909381891"]
[EventDate "2013.02.05"]
[EventType "swiss"]
[EventRounds "4"]
[EventCountry "CAN"]
[SourceTitle "EXT 2022"]
[Source "ChessBase"]
[SourceDate "2021.10.06"]
[SourceVersion "1"]
[SourceVersionDate "2021.10.06"]
[SourceQuality "1"]

1. e4 c5 2. Nf3 Nf6 3. Nc3 d6 4. d4 cxd4 5. Nxd4 a6 6. f3 e6 7. Be3 Be7 8. Qd2 Bd7 9. Be2 d5 10. exd5 exd5 11. O-O Nc6 12. Rad1 Qc7 13. f4 h5 14. Bf3 Nxd4 15. Bxd4 Be6 16. Kh1 Rd8 17. Qe3 h4 18. Bb6 d4 19. Bxc7 dxe3 20. Bxd8 Bxd8 21. Bxb7 O-O 22. Rfe1 Ng4 23. Rd3 Nf2+ 24. Kg1 Nxd3 25. cxd3 Bb6 26. Kf1 h3 27. b3 Ba5 28. Rc1 Rd8 29. Ke2 Bb6 30. gxh3 Bxh3 31. Rg1 Bf5 32. Bxa6 Rd6 33. Bc4 Bd4 34. Nb5 Rd8 35. Nxd4 Rxd4 36. Kxe3 Rd8 37. a4 g6 38. b4 Re8+ 39. Kd2 Be6 40. Re1 Rc8 41. Rxe6 fxe6 42. Bxe6+ 1-0

[Event "Winnipeg TNT February op"]
[Site "Winnipeg CAN"]
[Date "2013.02.05"]
[Round "1"]
[White "Wasserman, Leor"]
[Black "Reimer, Bruce"]
[Result "1-0"]
[WhiteElo "1976"]
[BlackElo "1648"]
[PlyCount "53"]
[GameId "2160767909381892"]
[EventDate "2013.02.05"]
[EventType "swiss"]
[EventRounds "4"]
[EventCountry "CAN"]
[SourceTitle "EXT 2022"]
[Source "ChessBase"]
[SourceDate "2021.10.06"]
[SourceVersion "1"]
[SourceVersionDate "2021.10.06"]
[SourceQuality "1"]

1. e4 Nf6 2. Nc3 d5 3. exd5 Nxd5 4. Nf3 e6 5. d4 Bb4 6. Bd2 O-O 7. Bd3 Nc6 8. O-O Bxc3 9. bxc3 Nf6 10. Rb1 b6 11. Bg5 h6 12. Bxf6 Qxf6 13. Be4 Bb7 14. Ne5 Nxe5 15. dxe5 Qxe5 16. Bxb7 Rab8 17. Qf3 Rfd8 18. Rfe1 Qa5 19. Be4 Qxa2 20. Ra1 Qc4 21. Bd3 Qc5 22. Rxa7 Qd6 23. Ra4 c5 24. Rh4 e5 25. Qe4 g6 26. Rxh6 Re8 27. Qh4 1-0

[Event "Winnipeg TNT February op"]
[Site "Winnipeg CAN"]
[Date "2013.02.05"]
[Round "1"]
[White "Wolchock, Theo"]
[Black "Mundwiler, Les"]
[Result "0-1"]
[WhiteElo "1696"]
[BlackElo "2011"]
[PlyCount "56"]
[GameId "2160767909381893"]
[EventDate "2013.02.05"]
[EventType "swiss"]
[EventRounds "4"]
[EventCountry "CAN"]
[SourceTitle "EXT 2022"]
[Source "ChessBase"]
[SourceDate "2021.10.06"]
[SourceVersion "1"]
[SourceVersionDate "2021.10.06"]
[SourceQuality "1"]

1. c4 c5 2. g3 Nc6 3. Bg2 e6 4. Nc3 Nf6 5. e3 d5 6. cxd5 exd5 7. d4 c4 8. a3 Be7 9. Nge2 Bg4 10. O-O O-O 11. Qc2 Bxe2 12. Nxe2 Qd7 13. Bd2 b5 14. Rac1 Rab8 15. Nf4 Rfd8 16. b4 a5 17. Rb1 axb4 18. Bxb4 Bxb4 19. axb4 Qd6 20. Qc3 g6 21. Rfc1 Ra8 22. Ra1 Nxb4 23. Rcb1 Rxa1 24. Qxa1 Nc2 25. Qb2 Na3 26. Nxd5 Nxd5 27. Ra1 b4 28. Bxd5 Qxd5 0-1

[Event "Winnipeg TNT February op"]
[Site "Winnipeg CAN"]
[Date "2013.02.12"]
[Round "2"]
[White "Babb, Jeff"]
[Black "Platt, Alex"]
[Result "1-0"]
[WhiteElo "2204"]
[BlackElo "1895"]
[PlyCount "93"]
[GameId "2160767909381894"]
[EventDate "2013.02.05"]
[EventType "swiss"]
[EventRounds "4"]
[EventCountry "CAN"]
[SourceTitle "EXT 2022"]
[Source "ChessBase"]
[SourceDate "2021.10.06"]
[SourceVersion "1"]
[SourceVersionDate "2021.10.06"]
[SourceQuality "1"]

1. f4 d5 2. Nf3 Nf6 3. g3 Bf5 4. c3 Nbd7 5. d3 h6 6. Qb3 Rb8 7. Be3 c5 8. Ne5 e6 9. Nd2 Bd6 10. Ndf3 O-O 11. h3 Qc7 12. Bg2 b5 13. O-O c4 14. Qd1 Bh7 15. g4 cxd3 16. exd3 b4 17. Qd2 bxc3 18. bxc3 Rfc8 19. Rac1 Bc5 20. Rfe1 Nxe5 21. fxe5 Nd7 22. Kh1 Bxe3 23. Rxe3 Nb6 24. Qd1 Qc5 25. Nd4 Qa5 26. Qe2 Rxc3 27. Rxc3 Qxc3 28. Nb3 Rc8 29. d4 Qc2 30. Nc5 Qxe2 31. Rxe2 Nc4 32. Rf2 Rb8 33. Nb3 Kf8 34. Bf1 Be4+ 35. Kg1 Rb4 36. Nc5 Bb1 37. Nxe6+ Kg8 38. Nf4 Ne3 39. Rd2 Ra4 40. Rb2 Rxd4 41. Rxb1 Rxf4 42. Rb8+ Kh7 43. Bd3+ g6 44. Rb7 Kg7 45. e6 Rf6 46. e7 Re6 47. Bb5 1-0

[Event "Winnipeg TNT February op"]
[Site "Winnipeg CAN"]
[Date "2013.02.12"]
[Round "2"]
[White "Dykman, Tony"]
[Black "Wolchock, Theo"]
[Result "0-1"]
[WhiteElo "1262"]
[BlackElo "1696"]
[PlyCount "66"]
[GameId "2160767909381895"]
[EventDate "2013.02.05"]
[EventType "swiss"]
[EventRounds "4"]
[EventCountry "CAN"]
[SourceTitle "EXT 2022"]
[Source "ChessBase"]
[SourceDate "2021.10.06"]
[SourceVersion "1"]
[SourceVersionDate "2021.10.06"]
[SourceQuality "1"]

1. e4 d5 2. d4 dxe4 3. Be3 Nf6 4. Nc3 e6 5. Bb5+ Bd7 6. Nge2 Bxb5 7. Nxb5 a6 8. Nbc3 Be7 9. h3 Nc6 10. Ng3 O-O 11. O-O Nb4 12. Qd2 c5 13. Ngxe4 Nxe4 14. Nxe4 cxd4 15. Bf4 Rc8 16. Rfc1 Qd5 17. f3 Nxa2 18. Re1 Nb4 19. Rec1 Rfd8 20. b3 Qc6 21. c4 dxc3 22. Qxc3 Qxc3 23. Nxc3 Nd3 24. Ne2 Nxc1 25. Nxc1 Rd1+ 26. Kh2 Bd6 27. Bxd6 Rxd6 28. Ne2 h6 29. Rc1 Rxc1 30. Nxc1 Rd1 31. Ne2 Rd3 32. Nc1 Rc3 33. Ne2 Rxb3 0-1

[Event "Winnipeg TNT February op"]
[Site "Winnipeg CAN"]
[Date "2013.02.12"]
[Round "2"]
[White "Kernetsky, Myron"]
[Black "Swift, Ryne"]
[Result "1-0"]
[WhiteElo "2058"]
[BlackElo "1879"]
[PlyCount "85"]
[GameId "2160767909381896"]
[EventDate "2013.02.05"]
[EventType "swiss"]
[EventRounds "4"]
[EventCountry "CAN"]
[SourceTitle "EXT 2022"]
[Source "ChessBase"]
[SourceDate "2021.10.06"]
[SourceVersion "1"]
[SourceVersionDate "2021.10.06"]
[SourceQuality "1"]

1. d4 d5 2. c4 e6 3. Nc3 Nf6 4. Bg5 Be7 5. cxd5 Nxd5 6. Bxe7 Qxe7 7. Nf3 O-O 8. e3 Rd8 9. Be2 Nc6 10. Qb3 Qb4 11. Qxb4 Ndxb4 12. O-O Nd5 13. Rac1 Bd7 14. Rfd1 Be8 15. Ne4 Rac8 16. Nc5 b6 17. Nb7 Nde7 18. Nxd8 Nxd8 19. Ba6 Ra8 20. Rxc7 Nd5 21. Rcc1 f6 22. Be2 Bc6 23. Nd2 Kf8 24. a3 a5 25. Bf3 Rb8 26. Ne4 Ke7 27. Nc3 Kd6 28. Re1 Nxc3 29. Rxc3 Bd7 30. Rec1 f5 31. e4 fxe4 32. Bxe4 g6 33. h4 b5 34. Rc5 Rb6 35. f3 Nf7 36. Kf2 Nh6 37. g4 Nf7 38. Ke3 a4 39. h5 g5 40. Bxh7 b4 41. Be4 bxa3 42. bxa3 Rb3+ 43. R5c3 1-0

[Event "Winnipeg TNT February op"]
[Site "Winnipeg CAN"]
[Date "2013.02.12"]
[Round "2"]
[White "Le Dorze, Philippe"]
[Black "Raihman, Igal"]
[Result "0-1"]
[WhiteElo "1703"]
[BlackElo "1990"]
[PlyCount "62"]
[GameId "2160767909381897"]
[EventDate "2013.02.05"]
[EventType "swiss"]
[EventRounds "4"]
[EventCountry "CAN"]
[SourceTitle "EXT 2022"]
[Source "ChessBase"]
[SourceDate "2021.10.06"]
[SourceVersion "1"]
[SourceVersionDate "2021.10.06"]
[SourceQuality "1"]

1. d4 d5 2. c4 e6 3. Nc3 Nf6 4. Nf3 Be7 5. Bf4 O-O 6. h3 b6 7. e3 Bb7 8. Bd3 c5 9. O-O Nc6 10. cxd5 exd5 11. Rc1 Re8 12. Nb5 Ne4 13. Nc7 Bf6 14. Nxe8 Qxe8 15. Bb5 Qe6 16. Nd2 cxd4 17. Nxe4 dxe4 18. Bxc6 Bxc6 19. exd4 Rd8 20. Be3 Bb5 21. Re1 Bd3 22. Rc3 Qxa2 23. Qc1 Qe6 24. Bf4 Qf5 25. Bc7 Rxd4 26. Bxb6 axb6 27. Rc8+ Rd8 28. Rc6 Bd4 29. Qd2 h6 30. Rec1 Bf6 31. Rxb6 Bg5 0-1

[Event "Winnipeg TNT February op"]
[Site "Winnipeg CAN"]
[Date "2013.02.12"]
[Round "2"]
[White "Mundwiler, Les"]
[Black "Melamedoff, Gustavo"]
[Result "1/2-1/2"]
[WhiteElo "2011"]
[BlackElo "2066"]
[PlyCount "128"]
[GameId "2160767909381898"]
[EventDate "2013.02.05"]
[EventType "swiss"]
[EventRounds "4"]
[EventCountry "CAN"]
[SourceTitle "EXT 2022"]
[Source "ChessBase"]
[SourceDate "2021.10.06"]
[SourceVersion "1"]
[SourceVersionDate "2021.10.06"]
[SourceQuality "1"]

1. e4 c5 2. Nc3 Nc6 3. g3 g6 4. Bg2 Bg7 5. Nge2 e6 6. O-O Nge7 7. f4 O-O 8. d3 d5 9. a3 Rb8 10. g4 dxe4 11. dxe4 Qxd1 12. Rxd1 Nd4 13. Nxd4 Bxd4+ 14. Kh1 Nc6 15. Ne2 e5 16. f5 c4 17. Bh6 Rd8 18. c3 Bb6 19. Bg5 Rxd1+ 20. Rxd1 Bc7 21. Bf6 Kf8 22. h4 Ke8 23. h5 Ne7 24. hxg6 hxg6 25. Bf3 Bd7 26. Kg2 Ng8 27. Bg5 a6 28. Rh1 f6 29. Rh8 Ke7 30. Be3 g5 31. Bc5+ Kf7 32. Rh7+ Ke8 33. Rg7 Nh6 34. Rh7 Nf7 35. Ng3 b6 36. Be3 Bc6 37. Be2 b5 38. Kf3 Bd6 39. Nh5 Ke7 40. Rg7 Rh8 41. Rg6 Rh6 42. Rg8 Rh8 43. Rg7 Rh6 44. Bb6 Kf8 45. Rg6 Ke7 46. Rg8 Rh8 47. Bd8+ Kd7 48. Rxh8 Nxh8 49. Bxf6 Nf7 50. Ng7 Be7 51. Bxe7 Kxe7 52. Nh5 Nd6 53. Ng3 Kf6 54. Ke3 Nb7 55. Bd1 Nc5 56. Bc2 a5 57. Kf3 a4 58. Nf1 Ke7 59. Ne3 Kd6 60. Nf1 Ke7 61. Ng3 Kf6 62. Nh5+ Ke7 63. Ng3 Kf6 64. Nf1 Ke7 1/2-1/2

[Event "Winnipeg TNT February op"]
[Site "Winnipeg CAN"]
[Date "2013.02.12"]
[Round "2"]
[White "Reimer, Bruce"]
[Black "Schulz, Waldemar"]
[Result "0-1"]
[WhiteElo "1648"]
[BlackElo "2014"]
[PlyCount "86"]
[GameId "2160767909381899"]
[EventDate "2013.02.05"]
[EventType "swiss"]
[EventRounds "4"]
[EventCountry "CAN"]
[SourceTitle "EXT 2022"]
[Source "ChessBase"]
[SourceDate "2021.10.06"]
[SourceVersion "1"]
[SourceVersionDate "2021.10.06"]
[SourceQuality "1"]

1. c4 Nf6 2. g3 c6 3. Bg2 d5 4. cxd5 cxd5 5. d4 Nc6 6. Nf3 e6 7. O-O Be7 8. Nc3 O-O 9. Bg5 h6 10. Bf4 Bd7 11. Re1 Rc8 12. e4 dxe4 13. Nxe4 Nxe4 14. Rxe4 Nb4 15. a3 Bc6 16. Re1 Nd5 17. Qd2 Nxf4 18. Qxf4 Bf6 19. Rad1 Qd5 20. h4 Rfd8 21. Re2 e5 22. Qd2 exd4 23. Ne1 Qb3 24. Bxc6 Rxc6 25. Nd3 Rdc8 26. Rc1 Rxc1+ 27. Nxc1 Qd5 28. Nd3 Qf5 29. Nb4 g5 30. hxg5 hxg5 31. Kg2 Kg7 32. Re1 Rh8 33. Rh1 Rxh1 34. Kxh1 Qe4+ 35. Kg1 Kg6 36. Nd3 Be7 37. f3 Qd5 38. f4 Bd6 39. Nf2 gxf4 40. Qd3+ Kg7 41. gxf4 Bxf4 42. Ne4 Be3+ 43. Kg2 f5 0-1

[Event "Winnipeg TNT February op"]
[Site "Winnipeg CAN"]
[Date "2013.02.12"]
[Round "2"]
[White "Rutter, Blair"]
[Black "Green, Jim"]
[Result "0-1"]
[WhiteElo "1863"]
[BlackElo "1729"]
[PlyCount "136"]
[GameId "2160767909381900"]
[EventDate "2013.02.05"]
[EventType "swiss"]
[EventRounds "4"]
[EventCountry "CAN"]
[SourceTitle "EXT 2022"]
[Source "ChessBase"]
[SourceDate "2021.10.06"]
[SourceVersion "1"]
[SourceVersionDate "2021.10.06"]
[SourceQuality "1"]

1. c4 b6 2. e4 Bb7 3. Nc3 e6 4. d3 Bb4 5. Nge2 f5 6. Qc2 Nf6 7. e5 Ng4 8. d4 Nc6 9. a3 Bxc3+ 10. Qxc3 Qe7 11. h3 Nh6 12. Bxh6 gxh6 13. Nf4 Qg5 14. Qe3 O-O-O 15. Be2 Rhg8 16. Bf3 Na5 17. h4 Qe7 18. Rc1 Bxf3 19. Qxf3 Kb8 20. g3 d6 21. b4 Nb7 22. Ke2 dxe5 23. dxe5 Rd4 24. Rhd1 Re4+ 25. Kf1 Rxe5 26. Re1 Rxe1+ 27. Rxe1 e5 28. Qc6 Qd6 29. Qxd6 cxd6 30. Nd5 Rg4 31. Rc1 Rd4 32. Ke2 b5 33. Ne7 Re4+ 34. Kf3 Rxc4 35. Rxc4 bxc4 36. Nxf5 d5 37. Ne3 c3 38. Ke2 d4 39. Nc2 Nd8 40. Kd3 Kc7 41. f4 exf4 42. gxf4 Ne6 43. f5 Nf4+ 44. Kxd4 Ng2 45. h5 Nf4 46. Kxc3 Kd6 47. Kd4 Nxh5 48. Ke4 Nf6+ 49. Kf4 Kd5 50. Ne3+ Kd4 51. Ng4 Nd5+ 52. Kf3 h5 53. Nf2 Ke5 54. f6 Kxf6 55. Ke4 Ke6 56. Nd3 Nf6+ 57. Kf4 h4 58. Kg5 Ne4+ 59. Kxh4 Kd5 60. Kh5 Nd6 61. Nb2 Nc4 62. Nd3 Nxa3 63. Nc5 Nc2 64. Na6 Kc4 65. Kh6 Nxb4 66. Nc7 a5 67. Ne6 a4 68. Nf4 a3 0-1

[Event "Winnipeg TNT February op"]
[Site "Winnipeg CAN"]
[Date "2013.02.12"]
[Round "2"]
[White "Smith, Nick J"]
[Black "Skop, Mike"]
[Result "0-1"]
[WhiteElo "1439"]
[BlackElo "1721"]
[PlyCount "76"]
[GameId "2160767909381901"]
[EventDate "2013.02.05"]
[EventType "swiss"]
[EventRounds "4"]
[EventCountry "CAN"]
[SourceTitle "EXT 2022"]
[Source "ChessBase"]
[SourceDate "2021.10.06"]
[SourceVersion "1"]
[SourceVersionDate "2021.10.06"]
[SourceQuality "1"]

1. e4 b6 2. Nc3 Bb7 3. d3 e6 4. Nf3 Be7 5. Bd2 Nf6 6. g3 d5 7. e5 d4 8. exf6 dxc3 9. Bxc3 Bxf6 10. Bxf6 Qxf6 11. Rg1 Bxf3 12. Qc1 Qe5+ 13. Qe3 Qxe3+ 14. fxe3 Bb7 15. Be2 Nd7 16. d4 h6 17. O-O-O Nf6 18. h4 h5 19. c3 Ng4 20. Kd2 O-O-O 21. Rdf1 f5 22. Bc4 Rhe8 23. Rf4 g6 24. Be2 e5 25. Rff1 exd4 26. exd4 c5 27. Rf4 Re4 28. Rxe4 fxe4 29. Bxg4+ hxg4 30. Ke3 cxd4+ 31. cxd4 Rf8 32. Ke2 Rf3 33. Rf1 a5 34. Rxf3 exf3+ 35. Ke3 Kd8 36. a3 Ke7 37. b4 axb4 38. axb4 Bd5 0-1

[Event "Winnipeg TNT February op"]
[Site "Winnipeg CAN"]
[Date "2013.02.12"]
[Round "2"]
[White "Towns, Barry"]
[Black "Leaden, Bruce"]
[Result "1-0"]
[WhiteElo "1735"]
[BlackElo "1623"]
[PlyCount "67"]
[GameId "2160767909381902"]
[EventDate "2013.02.05"]
[EventType "swiss"]
[EventRounds "4"]
[EventCountry "CAN"]
[SourceTitle "EXT 2022"]
[Source "ChessBase"]
[SourceDate "2021.10.06"]
[SourceVersion "1"]
[SourceVersionDate "2021.10.06"]
[SourceQuality "1"]

1. e4 e6 2. d4 d5 3. e5 c5 4. Nf3 Nc6 5. c4 dxc4 6. Bxc4 Nxd4 7. O-O Nxf3+ 8. Qxf3 Qc7 9. Nc3 a6 10. Bg5 Ne7 11. Rad1 Nc6 12. Ne4 Be7 13. Bxe7 Kxe7 14. Nd6 Nxe5 15. Qg3 Rd8 16. Qg5+ Kf8 17. Qxe5 b5 18. Nf5 Rxd1 19. Qxg7+ Ke8 20. Qg8+ Kd7 21. Qxf7+ Kc6 22. Ne7+ Kb6 23. Rxd1 bxc4 24. Nxc8+ Qxc8 25. Qxh7 Qc6 26. Qe7 Re8 27. Qf7 Rc8 28. Re1 Re8 29. h4 e5 30. Qxc4 Qe6 31. Qxe6+ Rxe6 32. f4 Rd6 33. fxe5 Rd2 34. e6 1-0

[Event "Winnipeg TNT February op"]
[Site "Winnipeg CAN"]
[Date "2013.02.19"]
[Round "3"]
[White "Dykman, Tony"]
[Black "Smith, Nick J"]
[Result "0-1"]
[WhiteElo "1262"]
[BlackElo "1439"]
[PlyCount "66"]
[GameId "2160767909381903"]
[EventDate "2013.02.05"]
[EventType "swiss"]
[EventRounds "4"]
[EventCountry "CAN"]
[SourceTitle "EXT 2022"]
[Source "ChessBase"]
[SourceDate "2021.10.06"]
[SourceVersion "1"]
[SourceVersionDate "2021.10.06"]
[SourceQuality "1"]

1. e4 e5 2. Nf3 Nc6 3. Bb5 a6 4. Ba4 b5 5. Bb3 Nf6 6. Nc3 Bc5 7. O-O O-O 8. Nd5 d6 9. d3 h6 10. Be3 Bxe3 11. Nxe3 Bb7 12. Qd2 Ne7 13. Rfe1 Re8 14. Re2 c5 15. c4 Ng6 16. g3 Bc8 17. Nf5 Ne7 18. Nxh6+ gxh6 19. Qxh6 Ng4 20. Qg5+ Ng6 21. Qxd8 Rxd8 22. h3 Nf6 23. Kg2 b4 24. Rh1 Kf8 25. Ree1 Ke7 26. Nh2 Rg8 27. Kf1 Bxh3+ 28. Ke2 Rh8 29. Kd2 Bg2 30. Reg1 Bxh1 31. Rxh1 Rh7 32. Bd1 Rah8 33. Bf3 Rxh2 0-1

[Event "Winnipeg TNT February op"]
[Site "Winnipeg CAN"]
[Date "2013.02.19"]
[Round "3"]
[White "Green, Jim"]
[Black "Schulz, Waldemar"]
[Result "1/2-1/2"]
[WhiteElo "1729"]
[BlackElo "2014"]
[PlyCount "56"]
[GameId "2160767909381904"]
[EventDate "2013.02.05"]
[EventType "swiss"]
[EventRounds "4"]
[EventCountry "CAN"]
[SourceTitle "EXT 2022"]
[Source "ChessBase"]
[SourceDate "2021.10.06"]
[SourceVersion "1"]
[SourceVersionDate "2021.10.06"]
[SourceQuality "1"]

1. e4 c5 2. Nf3 Nc6 3. Bb5 a6 4. Bxc6 dxc6 5. O-O Qc7 6. h3 e5 7. d3 h6 8. Be3 Nf6 9. Nbd2 Be6 10. b3 Rd8 11. Qe2 Be7 12. Ne1 Nd7 13. Kh1 O-O 14. Nef3 b5 15. a4 Ra8 16. Rfb1 Rfd8 17. Nh2 Nf6 18. Nhf1 Kh7 19. Ng3 g6 20. Qf1 Nd7 21. Ne2 Rf8 22. f4 f5 23. Qc1 fxe4 24. Nxe4 Bd5 25. fxe5 g5 26. N2c3 Qxe5 27. axb5 cxb5 28. Nxd5 Qxd5 1/2-1/2

[Event "Winnipeg TNT February op"]
[Site "Winnipeg CAN"]
[Date "2013.02.19"]
[Round "3"]
[White "Kernetsky, Myron"]
[Black "Babb, Jeff"]
[Result "0-1"]
[WhiteElo "2058"]
[BlackElo "2204"]
[PlyCount "110"]
[GameId "2160767909381905"]
[EventDate "2013.02.05"]
[EventType "swiss"]
[EventRounds "4"]
[EventCountry "CAN"]
[SourceTitle "EXT 2022"]
[Source "ChessBase"]
[SourceDate "2021.10.06"]
[SourceVersion "1"]
[SourceVersionDate "2021.10.06"]
[SourceQuality "1"]

1. d4 f5 2. Nf3 Nf6 3. g3 g6 4. Bg2 Bg7 5. c4 O-O 6. Nc3 d6 7. O-O c6 8. Rb1 Ne4 9. Bd2 Nxd2 10. Qxd2 e5 11. dxe5 dxe5 12. Qxd8 Rxd8 13. Rfd1 Re8 14. e3 Be6 15. Bf1 h6 16. Rbc1 Na6 17. e4 Rad8 18. Nh4 Bf6 19. Nxg6 Kf7 20. exf5 Bxf5 21. Nh4 Bxh4 22. gxh4 Rg8+ 23. Kh1 Rd4 24. Be2 Rxh4 25. Rg1 Nc5 26. Rxg8 Kxg8 27. Rd1 Kf7 28. Kg2 Ne6 29. Rd7+ Kf6 30. Rxb7 Nf4+ 31. Kg1 Nxe2+ 32. Nxe2 Rxc4 33. Kg2 a5 34. Ng3 Bg6 35. Kf3 h5 36. Nf1 Bb1 37. a3 Be4+ 38. Ke3 Bd5 39. Rb8 Rh4 40. Rh8 Rh3+ 41. Kd2 h4 42. Rf8+ Ke7 43. Ra8 Rb3 44. Rxa5 Rxb2+ 45. Ke3 Rb3+ 46. Kd2 Rb2+ 47. Ke3 Rb1 48. Nd2 Rh1 49. Nf3 Kf6 50. Ra6 h3 51. a4 Rb1 52. Nd2 Re1+ 53. Kd3 Kf5 54. Ra8 Rh1 55. Rf8+ Ke6 0-1